Personnages bibliques par indices - Statistiques

Statistiques générales
  • Ce quiz a été pris 11 116 fois
  • Le résultat moyen est 10 sur 20
Statistiques - réponses
Indice Réponse % Correct
Mère de Jésus Marie
99%
Il a construit une arche Noé
97%
Père terrestre de Jésus Joseph
91%
Il a vaincu Goliath avec une fronde David
77%
Il a trahi Jésus pour de l'argent Judas
77%
Il a reçu les Dix Commandements Moïse
75%
Il a baptisé Jésus Jean le Baptiste
69%
Il persécutait les disciples de Jésus avant sa conversion Paul
54%
Collecteur d'impôts devenu apôtre de Jésus et auteur d'un des Évangiles Matthieu
48%
Doutait de la résurrection de Jésus avant de le voir Thomas
41%
Homme de Béthanie ressuscité par Jésus Lazare
33%
Il a construit le Temple de Jérusalem Salomon
33%
Femme d'Abraham Sarah
31%
Ses fils sont devenus les 12 tribus d'Israël Jacob
30%
Passa trois jours et trois nuits dans le ventre d'un grand poisson Jonas
30%
Il fut jeté deux fois dans la fosse aux lions Daniel
15%
Troisième fils d'Adam et Ève Seth
14%
Frère de Pierre, premier appelé par Jésus André
13%
Il a vendu son droît d'ainesse Ésaü
12%
Reine de Perse qui sauva son peuple Esther
11%
Aucun quiz correspondant
Distribution des résultats
% des personnes avec chaque résultat
Percentile par nombre de réponses
Votre historique - résultats
Vous n’avez pas pris ce quiz